| 000 | 00000nam 2200000zi 4500 |
| 001 | 9.935363 |
| 003 | CaOODSP |
| 005 | 20250702130908 |
| 006 | m o d f |
| 007 | cr |n||||||||| |
| 008 | 240313e202403 oncd ob f000 0 fre d |
| 020 | |a9780660707808 |
| 040 | |aCaOODSP|bfre|erda|cCaOODSP |
| 043 | |an-cn-nf |
| 086 | 1 |aFs70-6/2024-016F-PDF |
| 245 | 00|aÉvaluation du stock de morue franche (Gadus morhua) de la sous-division 3Ps de l'OPANO en 2023. |
| 264 | 1|aOttawa : |bSecrétariat canadien de consultation scientifique, |cmars 2024. |
| 264 | 4|c©2024 |
| 300 | |a1 ressource en ligne (14 pages) : |bgraphiques. |
| 336 | |atexte|btxt|2rdacontent/fre |
| 337 | |ainformatique|bc|2rdamedia/fre |
| 338 | |aressource en ligne|bcr|2rdacarrier/fre |
| 490 | 1 |aAvis scientifique, |x1919-5117 ; |v2024/016 |
| 500 | |aPublié aussi en anglais sous le titre : NAFO subdivision 3Ps Atlantic cod (Gadus morhua) stock assessment in 2023. |
| 500 | |aTitre de départ. |
| 504 | |aComprend des références bibliographiques (page 13). |
| 650 | 6|aMorue|zTerre-Neuve-et-Labrador|zAtlantique, Côte de l'. |
| 650 | 6|aMorue|xPêche commerciale|zTerre-Neuve-et-Labrador|zAtlantique, Côte de l'. |
| 650 | 6|aRessources halieutiques|xÉvaluation|zTerre-Neuve-et-Labrador|zAtlantique, Côte de l'. |
| 710 | 2 |aSecrétariat canadien de consultation scientifique, |eorganisme de publication. |
| 710 | 1 |aCanada. |bMinistère des pêches et des océans. |bRégion de Terre-Neuve et du Labrador, |eorganisme de publication. |
| 775 | 08|tNAFO subdivision 3Ps Atlantic cod (Gadus morhua) stock assessment in 2023.|w(CaOODSP)9.935360 |
| 830 | #0|aAvis scientifique (Secrétariat canadien de consultation scientifique)|v2024/016.|w(CaOODSP)9.502624 |
| 856 | 40|qPDF|s895 Ko|uhttps://publications.gc.ca/collections/collection_2024/mpo-dfo/fs70-6/Fs70-6-2024-016-fra.pdf |